| 000 | 00641nam a2200253Ia 4500 | ||
|---|---|---|---|
| 003 | OSt | ||
| 005 | 20250301115910.0 | ||
| 008 | 210210b1929 xxu||||| |||| 00| 0 eng d | ||
| 040 | _cAL | ||
| 041 | _aeng | ||
| 082 | _a513/39 | ||
| 100 |
_aEDWARDS (J) _9203213 |
||
| 245 | _aElementary treatise on the differential calculus | ||
| 260 |
_aLondon _bMacmillan & Co. Ltd. _c1929 |
||
| 650 |
_atreatise _9203214 |
||
| 650 |
_athe _9203215 |
||
| 650 |
_aon _9203216 |
||
| 650 |
_aElementary _9203217 |
||
| 650 |
_adifferential _9203218 |
||
| 650 |
_acalculus _9203219 |
||
| 690 |
_aCalculus _9203220 |
||
| 906 | _a007319 | ||
| 942 |
_2ddc _cBK |
||
| 999 |
_c139746 _d139746 |
||